Elements ending with "-on" from the Periodic Table - Statistics

General Stats
  • This quiz has been taken 14 times
  • The average score is 7 of 10
Answer Stats
Answer % Correct
Radon
92%
Argon
77%
Neon
77%
Xenon
77%
Boron
69%
Carbon
69%
Iron
69%
Krypton
62%
Silicon
62%
Oganesson
46%
No matching quizzes found
Score Distribution
Percent of People with Each Score
Percentile by Number Answered
Your Score History
You have not taken this quiz